黑龙江省地图点选 Heilongjiang Click Map - Statistics

General Stats
  • This quiz has been taken 27 times
    24 since last reset
  • The average score is 12 of 13
Answers on the Map
Answers color-coded by a green-red scale on the quiz's map according to % correct below.
 
Answer Stats
Answer % Correct
哈尔滨市
100%
齐齐哈尔市
100%
鹤岗市
100%
大兴安岭地区
100%
鸡西市
95%
伊春市
95%
牡丹江市
95%
黑河市
95%
绥化市
95%
大庆市
90%
佳木斯市
90%
七台河市
90%
双鸭山市
85%
No matching quizzes found
Score Distribution
Percent of People with Each Score
Percentile by Number Answered
Your Score History
You have not taken this quiz since the last reset